1253 1376 1132 1950 1268 1541 1682 1427 1455 1217 1073 1375 1470 1523 1710 1703 1326 1992 1437 1839 1931 1457 1050 1893 1663 1180 1236 1379 1056 1314 1720 1730 1094 1505 1662 1236 1722 1204 1577 1277 1207 1976 1013 1151 1257 1837 1481 1022 1287 1107 1870 1541 1036 1363 1843 1854 1098 1495 1184 1181 1110 1418 1584 1167 1968 1820 1618 1428 1105 1268 1432 2000 1952 1641 1139 1578 1841 1843 1437 1295 1285 1242 1474 1558 1462 1529 1949 1424 1023 1036 1889 1413 1611 1152 1266 1453 1562 1454 1366 BCNSPRNW ULIB Ver.6.0+V

เปลี่ยนเป็นภาษาไทย

Change to English
 แสดงรายละเอียดบรรณานุกรม
  กลับหน้าหลัก

Brief Record : Get Marc (ISO 2709) : E-mail record : QR code < ปิดหน้าต่าง
LEADER : 00000nam 2200000uu 4500
001    13399114177
003     ULIB
008    120228s2552||||th 000 0 tha d
020    ^a9789745985490
060 04 ^aW13^bศ336ว 2552
245 00 ^aศัพท์:ห้าวัย และสุขภาพ(ทารก เด็ก วัยรุ่น ผู้ใหญ่และผู้สูงอายุ)=^bVocabulary in five ages health (Infant child teenage adult and golden age)/^cบรรณาธิการ,วรุณวรรณ ผาโคตร, สิรนาถ นุชนาถ
246 31 ^aVocabulary in five ages health (Infant child teenage adult and golden age)
250    ^aพิมพ์ครั้งที่ 1
260    ^aกรุงเทพ :^bบริษัทเค.เอส.พี.การพิมพ์จำกัด;^c2552
300    ^a273 หน้า
650  2 ^aMedical sciences^xDictionaries.
650  7 ^aวิทยาศาสตร์การแพทย์^vพจนานุกรม
650  7 ^aสาธารณสุข^vพจนานุกรม
700 0  ^aสิรนาถ นุชนาถ,^eบรรณาธิการ
945    ^p199^l0^i18781
945    ^p199^l0^i18782
945    ^p199^l0^i19152
995    ^aกัณชพร
999    ^aใช้งานได้ทุกระบบ
รายการนี้ยังไม่มีแท็ก
คุณยังไม่ได้ล็อกอิน คุณสามารถมีกิจกรรมร่วมกับเว็บไซต์ได้ แต่ต้องล็อกอินก่อน ::
  ล็อกอิน

รายการสื่อสารสนเทศ

ลำดับที่ ประเภท เลขเรียก/บาร์โค้ด สถานที่ สถานะ
- ไม่พบข้อมูล -

BibComment


ยังไม่เคยถูกคอมเมนท์

คอมเมนท์ทรัพยากรรายการนี้
  คอมเมนท์: ศัพท์ห้าวัย และส..


 Copyright 2026. Bcnsprnw @Library